| 000 | 00840nam a2200217 a 4500 | ||
|---|---|---|---|
| 003 | 0 | ||
| 005 | 20250320152945.0 | ||
| 008 | 060802s19uu xx 00 eng d | ||
| 050 |
_aPGS QK 753.P5.L37 _b.N235 2006 |
||
| 100 | _aNarsico, Monalisa Bianca S. | ||
| 245 |
_aThe effects of different colored light on latos (seaweeds) as measured by photosynthesis / _cMonalisa Bianca S. Narsico. |
||
| 260 |
_aLas PiƱas City, Philippines : _bSouthville International School and Colleges, _c2006. |
||
| 300 |
_a25 pages : _billustrations ; _c28 cm. |
||
| 504 | _aIncludes bibliographical references. | ||
| 650 |
_aPhotosynthesis _vEnvironmental aspects. |
||
| 650 |
_aMarine algae _vEffect of light on. |
||
| 650 |
_aLight _vPhysiological effect. |
||
| 650 | _aAlgal physiology. | ||
| 650 |
_aColor _vEffect on plants. |
||
| 942 |
_2lcc _cPASS |
||
| 999 |
_c97522 _d97522 |
||